000 00503nam a22001457a 4500
003 MACL
005 20170711123811.0
008 170711b xxu||||| |||| 00| 0 eng d
040 _cMACL
100 _aसैनी, डॉ मदन
_968131
245 _aराजस्‍थानी काव्‍य में रामकथा
260 _aबीकानेर
_bपुस्‍तक मन्दिर
_c2015
650 _aकाव्‍य समीक्षा
_948818
942 _2ddc
_cHIN
999 _c56727
_d56727